| 000 | 00959cam a22003013a 4500 | ||
|---|---|---|---|
| 001 | 4047 | ||
| 003 | PGUSA | ||
| 005 | 20140828083047.0 | ||
| 008 | 030501s2003||||xxu|||||s|||||000 1 eng d | ||
| 040 |
_aPGUSA _beng |
||
| 042 | _adc | ||
| 050 | 4 | _aPS | |
| 100 | 1 |
_aGreen, Anna Katharine, _d1846-1935 |
|
| 245 | 1 | 4 |
_aThe Leavenworth Case _h[electronic resource] / _cAnna Katharine Green |
| 260 |
_bProject Gutenberg, _c2003 |
||
| 506 | _aPublic domain in the USA. | ||
| 516 | _aElectronic text | ||
| 653 | _aMurder -- Investigation -- Fiction | ||
| 653 | _aMerchants -- Crimes against -- Fiction | ||
| 653 | _aLawyers -- United States -- Fiction | ||
| 653 | _aPolice -- New York (State) -- New York -- Fiction | ||
| 653 | _aInheritance and succession -- Fiction | ||
| 653 | _aSisters -- Fiction | ||
| 653 | _aDetective and mystery stories | ||
| 830 | 0 |
_aProject Gutenberg _v4047 |
|
| 856 | 4 | 0 | _uhttp://www.gutenberg.org/ebooks/4047 |
| 942 | _cEB | ||
| 999 |
_c233376 _d233376 |
||